| 000 | 01699nam a22004217a 4500 | ||
|---|---|---|---|
| 003 | CHAP | ||
| 005 | 20220719123211.0 | ||
| 008 | 070824s2007 mx r 00010 spa d | ||
| 010 | _a93920 | ||
| 011 | _a94892 | ||
| 035 | _a105491 | ||
| 040 | _cCHAP | ||
| 090 | _aTesis | ||
| 100 | 1 |
_aSantos Rodríguez, Juan de los _9102527 |
|
| 245 | 1 | 0 |
_aEstudio de factibilidad técnico-económico, para el establecimiento de una planta productora de champiñones Agaricus bisporus (Lange) Sing, en el municipio de Tecali de Herrera, Puebla _c/por Juan de los Santos Rodríguez |
| 260 |
_aChapingo, Méx. : _bEl autor, _c2007 |
||
| 300 |
_a87 h. : _bilus. ; gráfs. ; cuadros ; diagramas ; mapa |
||
| 502 | _aTesis (Ing. Agroindustrial) - - UACH. Departamento de Ingeniería Agroindustrial | ||
| 530 | _aTambién disponible en línea | ||
| 590 |
_aALEPH _b10 _c20130110 _lUCH01 _h1519 |
||
| 590 |
_aBATCH-UPD _b10 _c20130110 _lUCH01 _h0709 |
||
| 590 |
_aBATCH-UPD _b10 _c20130410 _lUCH01 _h0355 |
||
| 590 |
_aBATCH-UPD _b10 _c20130914 _lUCH01 _h1329 |
||
| 590 |
_aBATCH-UPD _b10 _c20140324 _lUCH01 _h1504 |
||
| 590 |
_aBATCH-UPD _b10 _c20141002 _lUCH01 _h0834 |
||
| 590 |
_aCONVERSION _b10 _c20130109 _lUCH01 _h1352 |
||
| 650 | 1 | 4 |
_aAgaricus bisporus. _91063 |
| 650 | 1 | 4 |
_aEstudios de factibilidad. _938520 |
| 650 | 1 | 4 |
_aHongos comestibles. _956124 |
| 650 | 1 | 4 |
_aHongos _xPuebla. _956116 |
| 650 | 1 | 4 |
_aIndustrias agrícolas. _957925 |
| 856 |
_3Finding aid _uhttp://10.13.5.2/tesis/105491.pdf _zTeclea aqui |
||
| 901 | _aBK | ||
| 905 | _aElisama A. H. | ||
| 942 | _cFOLL | ||
| 949 |
_aTesis _bBC _cTES _d33724002035801 _eTS1 _h46874 _i105491 _sb |
||
| 949 |
_aTesis _bBC _cTES _d33724002035842 _eTS2 _fc.2 _h46875 _i105491 _si |
||
| 999 |
_c93920 _d93920 |
||